000 00616nam a2200205Ia 4500
005 20250508161634.0
008 008 250505s9999 xx 000 0 eng d
020 _a0-8114-3903-8
037 _aTextual
040 _aFEDL
_beng
_cFEDL
041 _aeng
_2eng
084 _a671, GLA
_qFEDL
100 _aGlazener Everett R
_9771142
245 0 _aBasic metal working technology: A text for beginning metal work
260 _aAustin
_bSteck-Vaughn Company
_c1970
300 _aiii,172p
490 _aThe steck-vaughn industrial arts series
942 _cTEXL
_h671, GLA
999 _c1371269
_d1371269